000 00426nam a2200181Ia 4500
001 15576
005 20260306170206.0
008 260306t2003||||xx |||||||||||||| ||und||
041 _aESP
082 _a547
_bC28
100 _aCarey, Francis A.
_eAUT
245 0 _aQuímica orgánica
260 _c2003
300 _a1245 páginas : vs. páginas :
_c27cm.
650 _aGEN
654 _aCCN
942 _cLIB
_dJUS
_fJUS
_2ddc
_n
999 _c15576
_d15576